000 00369 a2200157 4500
245 _aHormones : aspects fondamentaux et physiologiques
100 _aBanlieu, E.E.
700 _aCorvol, P.
700 _aDesbuquois, B.
260 _c1978
300 _aX-548 p.
035 _a3192-3195
999 _c16705
_d16705